[Event "Lisbon zt"]
[Site "Lisbon"]
[Date "1993.??.??"]
[Round "2"]
[White "Gomez Esteban, Juan Mario"]
[Black "Illescas Cordoba, Miguel"]
[Result "1/2-1/2"]
[WhiteElo "2410"]
[BlackElo "2615"]
[Annotator "Ftacnik,L"]
[PlyCount "38"]
[EventDate "1993.03.??"]
[EventType "tourn"]
[EventRounds "11"]
[EventCountry "POR"]
[EventCategory "7"]
[SourceTitle "CBM 035"]
[Source "ChessBase"]
[SourceDate "1993.08.01"]
[SourceVersion "1"]
[SourceVersionDate "1993.08.01"]
[SourceQuality "1"]

1. d4 d5 2. c4 e6 3. Nc3 c6 4. e4 dxe4 5. Nxe4 Bb4+ 6. Bd2 Qxd4 7. Bxb4 Qxe4+
8. Ne2 Na6 9. Bc3 (9. Bf8 $5) 9... Ne7 $5 10. Bxg7 Nb4 (10... Rg8 11. Qd4 $14)
11. Bxh8 e5 12. Qd6 (12. f3 $2 Nc2+ 13. Kd2 Qe3+ 14. Kxc2 Bf5+ $19) (12. Bxe5
$6 Bf5 $1 13. Bc3 Nc2+ 14. Qxc2 Qxc2 $17) (12. Bf6 Bf5 $1 (12... Nd3+ 13. Kd2
Nxf2 14. Qc2) (12... Nc2+ 13. Kd2 Bf5 14. Bxe7 Kxe7 15. Ng3 Rd8+ 16. Kc3 Rxd1
17. Rxd1 $18) 13. f3 Qe3 $1) 12... Nc2+ 13. Kd2 Bf5 14. Ng3 $5 (14. Rd1 Rd8 15.
Qxd8+ Kxd8 16. Kc1+ (16. Ng3 Qf4+ 17. Kc3+ Nd5+ $1) 16... Nd4 $5 17. Nxd4 Qb1+
18. Kd2 Qxb2+ 19. Ke1 Qc3+ 20. Ke2 Qxc4+ 21. Ke1 $10) 14... Qf4+ 15. Kc3 Nd5+
$1 (15... Nxa1 16. Qd2 Qxd2+ 17. Kxd2 O-O-O+ 18. Kc3 Rxh8 19. Nxf5 Nxf5 20. Bd3
$14) 16. cxd5 Qd4+ 17. Kb3 Nxa1+ 18. Ka3 Nc2+ 19. Kb3 Na1+ 1/2-1/2

[Event "Groningen"]
[Site "Groningen"]
[Date "1991.??.??"]
[Round "6"]
[White "Sokolov, Ivan"]
[Black "Akopian, Vladimir Eduardovic"]
[Result "1-0"]
[WhiteElo "2570"]
[BlackElo "2590"]
[Annotator "Ftacnik,L"]
[PlyCount "57"]
[EventDate "1991.12.??"]
[EventType "tourn"]
[EventRounds "9"]
[EventCountry "NED"]
[EventCategory "13"]
[SourceTitle "CBM 027"]
[Source "ChessBase"]
[SourceDate "1992.04.01"]
[SourceVersion "1"]
[SourceVersionDate "1992.04.01"]
[SourceQuality "1"]

1. d4 {Ernst} e6 2. c4 d5 3. Nc3 c6 4. e4 dxe4 5. Nxe4 Bb4+ 6. Bd2 Qxd4 7. Bxb4
Qxe4+ 8. Be2 Na6 9. Bc3 Nf6 (9... e5 10. Qd6 Ne7 11. Rd1 Be6 12. Nf3 Nf5 13.
Qxe5 Qxe5 14. Nxe5 f6 15. Nf3 $14 {Knaak,R-Dokhoian,Y/Erevan/1988/}) (9... Ne7
10. Nf3 (10. Bxg7 Rg8 11. Bc3 Nd5 (11... Qxg2 12. Qd2 $1 Qxh1 13. O-O-O Nd5 14.
Nf3 Qxd1+ 15. Bxd1 Nxc3 16. Qxc3 Ke7 17. Ne5 Bd7 18. Qa3+ c5 19. Qf3 $18 {
Bronstejn-Kotov/Budapest ct/1950/}) 12. cxd5 Qxg2 13. dxe6 Bxe6 14. Bf6 Qxh1
15. Qd6 Rxg1+ 16. Kd2 Qd5+ $10 {Dukic-Seslija/Jugoslavija/1967/}) 10... O-O 11.
O-O Ng6 12. Re1 f6 13. b4 e5 14. b5 cxb5 15. cxb5 Nc5 16. Bf1 $146 {Bronstein,
D-Matlak/Polanica Zdroj/1988/}) 10. Nf3 Bd7 11. O-O (11. Ne5 Rd8 12. Qd2 Bc8
13. Qg5 Rg8 14. f3 h6 15. Qc1 Qh4+ 16. g3 Qh3 17. Bf1 Qf5 18. Qe3 c5 19. h4 $16
{Flohr,S-Turn/URS/1945/}) 11... O-O-O 12. Bd3 Qg4 $6 (12... Qf4 $5 $14) 13. Qc2
Qf4 (13... Nc5 14. Ne5 Qh5 15. Be2 Qh4 16. Nxf7 $16) 14. b4 $1 c5 (14... Nc7
15. Be5 Qg4 16. b5 $40) 15. b5 Nb4 16. Bxb4 cxb4 17. Rfe1 Qc7 (17... Rhf8 18.
a3 $16) 18. a3 $1 b3 (18... bxa3 19. Rxa3 Kb8 20. Rea1 $18) 19. Qxb3 Kb8 20.
Rac1 Bc8 (20... b6 21. Ne5 Be8 22. c5 bxc5 23. Nc6+ Bxc6 24. Rxc5 $18) 21. c5
Rd5 22. b6 axb6 23. cxb6 Qd6 24. Ne5 $1 Bd7 (24... Rxe5 25. Rxe5 Qxe5 26. Qa4
$18) 25. Nxf7 Rxd3 26. Qc4 Qxb6 27. Qxd3 Rf8 28. Qg3+ Ka7 29. Qxg7 {Ftacnik,L}
1-0

[Event "URS-ch58"]
[Site "Moscow"]
[Date "1991.??.??"]
[Round "4"]
[White "Neverov, Valeriy"]
[Black "Kramnik, Vladimir"]
[Result "0-1"]
[WhiteElo "2540"]
[BlackElo "2490"]
[Annotator "Ftacnik,L"]
[PlyCount "80"]
[EventDate "1991.11.??"]
[EventType "swiss"]
[EventRounds "11"]
[EventCountry "URS"]
[SourceTitle "URS-ch"]
[Source "ChessBase"]
[SourceDate "1999.07.01"]
[SourceVersion "1"]
[SourceVersionDate "1999.07.01"]
[SourceQuality "1"]

1. d4 d5 2. c4 c6 3. Nf3 e6 4. Nc3 dxc4 5. a4 Bb4 6. e3 b5 7. Bd2 a5 8. axb5
Bxc3 9. Bxc3 cxb5 10. b3 Bb7 11. bxc4 b4 12. Bb2 Nf6 13. Bd3 Nbd7 14. Qc2 O-O
15. O-O Qc7 16. e4 e5 17. Rfe1 (17. c5 Ba6 (17... h6 18. dxe5 Nh5 19. Rfc1 Rfc8
20. Qd2 Nxc5 21. Bd4 Qe7 22. Rxc5 Rxc5 23. g4 $13 {Itkis,B-Matlak,M/
Miedzybrodzie/1991/}) (17... exd4 18. Bxd4 Ng4 19. Bb5 Nde5 20. Nxe5 Nxe5 21.
Qb2 f6 22. Bxe5 fxe5 23. c6 Bc8 24. Rfc1 Qb6 25. Qxe5 a4 $13 {Zueger,B-Klinger,
J/Bern/1991/}) 18. Rfc1 exd4 19. Bxd4 Bxd3 20. Qxd3 Qc6 21. Bxf6 Nxf6 22. Rc4
Rfd8 23. Qc2 Rab8 $132 {Levitt,J-Flear,G/London WFW/1990/}) 17... Rfe8 18. c5
exd4 19. Bxd4 h6 20. h3 (20. e5 Nd5 21. e6 Rxe6 22. Rxe6 fxe6 23. Re1 Nf4 24.
Be4 Rc8 25. Ne5 Bd5 26. Bh7+ Kf8 27. c6 $40 {Kramnik,V-Sorokin,M/RSFSR-ch/1991/
}) 20... Bc6 21. e5 Nd5 22. e6 Rxe6 23. Rxe6 fxe6 24. Bh7+ Kh8 25. Bxg7+ $6 (
25. Re1 $13) 25... Kxg7 26. Qg6+ Kh8 27. Qxh6 Nf8 28. Bf5+ Nh7 (28... Kg8 29.
Bxe6+ Nxe6 30. Qxe6+ Kg7 31. Ne5 $40) 29. Bxh7 Qxh7 30. Qxe6 Ne7 $1 31. Ne5 Qg7
32. g4 (32. Nxc6 Qxa1+ $19) 32... Bd5 33. Qxe7 (33. Qd6 b3 $19) 33... Qxe7 34.
Ng6+ Kh7 35. Nxe7 Be4 36. Re1 a4 $1 37. c6 (37. Rxe4 a3 38. Re1 a2 39. Ra1 b3
$19) 37... a3 38. c7 b3 39. c8=Q Rxc8 40. Nxc8 b2 {Ftacnik,L} 0-1

[Event "Bern op"]
[Site "Bern"]
[Date "1992.??.??"]
[Round "4"]
[White "Bellon Lopez, Juan Manuel"]
[Black "Flear, Glenn C"]
[Result "0-1"]
[WhiteElo "2435"]
[BlackElo "2495"]
[Annotator "Ftacnik,L"]
[PlyCount "80"]
[EventDate "1992.02.??"]
[EventType "swiss"]
[EventRounds "9"]
[EventCountry "SUI"]
[SourceTitle "CBM 028"]
[Source "ChessBase"]
[SourceDate "1992.06.01"]
[SourceVersion "1"]
[SourceVersionDate "1992.06.01"]
[SourceQuality "1"]

1. d4 d5 2. c4 e6 3. Nc3 c6 4. Nf3 dxc4 5. a4 Bb4 6. e3 b5 7. Bd2 a5 8. axb5
Bxc3 9. Bxc3 cxb5 10. b3 Bb7 11. bxc4 b4 12. Bb2 Nf6 13. Bd3 Nbd7 14. O-O O-O
15. Qc2 Qc7 16. e4 e5 17. Rfe1 Rfe8 18. c5 Ba6 (18... exd4 19. Bxd4 h6 20. h3
Bc6 21. e5 Nd5 22. e6 Rxe6 23. Rxe6 fxe6 24. Bh7+ Kh8 25. Bxg7+ Kxg7 26. Qg6+
Kh8 27. Qxh6 Nf8 $17 {Neverov,V-Kramnik,V/URS-ch58//1991/}) 19. Bxa6 Rxa6 20.
dxe5 {N} (20. Rac1 Rc6 21. dxe5 Ng4 22. Red1 Ngxe5 23. Nxe5 Nxe5 24. Rd5 h6 25.
Rcd1 Ng6 $13 {Sadler,M-Flear,G/Aosta op/1990/}) 20... Ng4 21. Red1 Ngxe5 22.
Nxe5 Nxe5 23. Rd5 h6 24. h3 Rae6 25. Bxe5 $6 (25. f4 $22 Ng6 26. f5 Rxe4 27.
fxg6 Re2 (27... Qg3 $2 28. gxf7+ Kxf7 29. Rf1+ $18) 28. Rd2 $16) 25... Rxe5 26.
f3 Rb8 27. Qc4 (27. Rb1 Rb5 $36) 27... b3 28. f4 $2 (28. Rxe5 Qxe5 29. Rb1 b2
30. c6 $15) 28... Rxd5 29. exd5 Rb4 30. Qc3 Rb5 31. c6 (31. Rc1 b2 32. Rb1 Rxc5
33. Qxb2 Rxd5 34. Qb8+ Qxb8 35. Rxb8+ Kh7 $17) 31... Rxd5 32. Qxb3 Qxc6 $19 33.
Kh2 (33. Rd1 Rxd1+ 34. Qxd1 a4 $19) 33... Rd2 34. Qb8+ Kh7 35. Qb1+ g6 36. Qf1
a4 37. f5 g5 38. Kh1 Qd5 39. f6 Kg6 40. Qb1+ Kxf6 {Ftacnik,L} 0-1

[Event "NED-ch47"]
[Site "Eindhoven"]
[Date "1992.03.17"]
[Round "1"]
[White "Klarenbeek, Hans"]
[Black "Kuijf, Marinus"]
[Result "1/2-1/2"]
[WhiteElo "2415"]
[BlackElo "2440"]
[Annotator "Ftacnik,L"]
[PlyCount "63"]
[EventDate "1992.03.17"]
[EventType "tourn"]
[EventRounds "11"]
[EventCountry "NED"]
[EventCategory "10"]
[SourceTitle "CBM 030"]
[Source "ChessBase"]
[SourceDate "1992.10.01"]
[SourceVersion "1"]
[SourceVersionDate "1992.10.01"]
[SourceQuality "1"]

1. d4 d5 2. c4 e6 3. Nc3 c6 4. Nf3 dxc4 5. a4 Bb4 6. e3 b5 7. Bd2 Bb7 8. axb5
Bxc3 9. Bxc3 cxb5 10. b3 a5 11. bxc4 b4 12. Bb2 Nf6 13. Bd3 Nbd7 14. Qc2 O-O
15. O-O Qc7 16. c5 h6 17. e4 e5 18. Rfc1 Rfc8 19. dxe5 Nh7 {N} (19... Nh5 20.
Bd4 Nf4 21. Bc4 Qc6 (21... Ne6 $5) 22. Be3 Nxg2 $6 23. Kxg2 Qg6+ 24. Kf1 Bxe4
25. Qd1 Rd8 26. Nh4 Qh7 27. Qh5 $16 {Krasenkov,M-Volzhin,A/Katowice op/1992/})
20. Bd4 Nhf8 21. Bc4 Ne6 22. Bxe6 fxe6 23. Qb3 (23. Qc4 $5 Kf7 $13 24. Be3)
23... Ra6 (23... Kf7 24. Nd2 Nxe5 25. Qg3 $1) 24. Qc4 Rc6 25. Qb5 Nxc5 $1 26.
Rxc5 Rxc5 27. Bxc5 Qxc5 28. Qxb7 Qc1+ 29. Ne1 $8 Qxa1 30. Qxc8+ Kh7 31. Kf1 b3
32. Qxe6 {FTacnik,L} (32. Qxe6 b2 33. Qf5+ Kg8 34. Qe6+ $10) 1/2-1/2

[Event "Oakham YM"]
[Site "Oakham"]
[Date "1992.??.??"]
[Round "4"]
[White "Shirov, Alexei"]
[Black "Aleksandrov, Aleksej"]
[Result "1-0"]
[WhiteElo "2655"]
[BlackElo "2460"]
[Annotator "Ftacnik,L"]
[PlyCount "123"]
[EventDate "1992.03.??"]
[EventType "swiss"]
[EventRounds "9"]
[EventCountry "ENG"]
[SourceTitle "CBM 030"]
[Source "ChessBase"]
[SourceDate "1992.10.01"]
[SourceVersion "1"]
[SourceVersionDate "1992.10.01"]
[SourceQuality "1"]

1. d4 {Bulletin} d5 2. c4 e6 3. Nc3 Bb4 4. a3 Bxc3+ 5. bxc3 c5 6. cxd5 (6. e3
Ne7 7. Nf3 Qc7 8. Qc2 Nbc6 9. dxc5 dxc4 10. Bxc4 Qa5 $10 {Glek-Korzubov/
Lvov-mm/1985/}) 6... exd5 7. e3 Nc6 8. Bd3 Nge7 9. Qf3 $5 (9. Ne2 O-O 10. O-O
$14) 9... Ng6 10. Ne2 O-O 11. O-O Re8 12. Qh5 (12. Ng3 Qg5 $132) 12... c4 13.
Bc2 Nce7 $1 14. f3 (14. e4 dxe4 15. Bxe4 f5 16. Bf3 Nd5 $13) 14... f5 15. e4
Rf8 16. Bg5 (16. e5 f4 $13) 16... Qd6 17. Ng3 (17. e5 Qc6 18. g4 $14) 17... Bd7
18. Bd2 (18. Bxe7 Nxe7 19. exf5 Qf6 20. Rfe1 Nxf5 $10) 18... fxe4 19. fxe4
Rxf1+ 20. Nxf1 dxe4 21. Ng3 (21. Bxe4 Bc6 $10) 21... Bc6 22. Nxe4 Qd5 23. Qxd5+
Bxd5 24. Re1 Rd8 25. g3 Nc6 26. Bg5 Re8 27. h4 Re6 28. Kf2 h6 29. Bd2 Nf8 30.
g4 Nd7 31. g5 hxg5 32. hxg5 Kf8 33. Kf3 Ne7 34. Kg4 Ra6 35. Bc1 Be6+ 36. Kg3
Kg8 (36... Bf5 $10 {Shirov,A}) 37. a4 Nf5+ 38. Kf4 Ne7 39. Ba3 Nd5+ 40. Kg3 b5
(40... Bf5 $14) 41. Nd6 $6 b4 $1 42. cxb4 Rxd6 43. b5 Rb6 44. Bc5 (44. a5 Rxb5
45. Rxe6 Rxa5 $17) 44... Nc7 (44... Nf8 45. g6 $1) 45. Bxb6 axb6 (45... Nxb6
$14) 46. a5 Kf7 (46... bxa5 47. d5 Bxd5 48. Re7 Be6 49. b6 Nxb6 50. Rxc7 $14)
47. a6 Nxb5 48. Ba4 Na7 49. d5 Bf5 50. d6 b5 51. Re7+ Kf8 (51... Kg6 52. Bc2
Bxc2 53. Rxd7 Nc8 54. Rxg7+ $1 $18) 52. Bc2 Bxc2 53. Rxd7 Nc6 54. Rc7 Be4 55.
g6 $1 Nd8 56. Rd7 Nc6 57. Rf7+ (57. a7 $1 Nxa7 58. Rd8#) 57... Ke8 58. Rxg7 c3
(58... Bxg6 $1 59. Rxg6 c3 (59... b4 60. Rg7 b3 61. Rb7) 60. Kf4 b4 (60... c2
61. Rg1 b4 62. Ke3 Kd7 63. Kd2 Kxd6 64. Rg7) 61. Ke3 $18) 59. Rc7 Bxg6 60. Rxc6
Be4 61. Rxc3 Kd7 62. Kf4 {Ftacnik,L} 1-0

[Event "Women-Veterans"]
[Site "Prague"]
[Date "1995.??.??"]
[Round "3"]
[White "Kortschnoj, Viktor Lvovich"]
[Black "Polgar, Zsuzsa"]
[Result "1/2-1/2"]
[WhiteElo "2635"]
[BlackElo "2565"]
[Annotator "Ftacnik,L"]
[PlyCount "60"]
[EventDate "1995.07.??"]
[EventType "schev"]
[EventRounds "5"]
[EventCountry "CZE"]
[SourceTitle "CBM 048"]
[Source "ChessBase"]
[SourceDate "1995.10.01"]
[SourceVersion "1"]
[SourceVersionDate "1995.10.01"]
[SourceQuality "1"]

1. d4 d5 2. c4 e6 3. Nc3 c6 4. Nf3 dxc4 5. a4 Bb4 6. e4 b5 7. Be2 Nf6 8. Qc2
Bb7 9. O-O Nbd7 $5 (9... a6 10. e5 (10. Bg5 Be7 (10... Qb6 11. e5 (11. Bxf6
gxf6 12. b3 cxb3 13. Qxb3 Be7 14. d5 cxd5 15. exd5 b4 16. dxe6 fxe6 17. a5 Qc6
18. Na4 Nd7 19. Rac1 Qe4 20. Rc4 Bd5 21. Bd3 Qxf3 22. Bg6+ hxg6 23. gxf3 Ne5
24. Rd1 Nxc4 $17 {Rakhmangulov,A-Moroz,A/Czestochowa op (04)/1992/0-1 (38)})
11... Nd5 12. Ne4 Nd7 13. Bd2 Be7 14. Bg5 Bf8 15. b3 h6 16. Bd2 cxb3 17. Qxb3
Be7 18. Bd3 O-O 19. Ng3 Rfc8 20. Rfb1 b4 21. a5 Qd8 22. Bc2 c5 23. Qd3 Nf8 24.
dxc5 Rxc5 25. Nh5 Nc3 $17 {Najdorf,M-Larsen,B/La Habana olm/1966/0-1 (40)}) 11.
e5 Nd5 12. Bxe7 Qxe7 13. Ne4 O-O 14. Nfg5 g6 15. Qd2 Nd7 16. Ra3 h6 17. Nh3 Kg7
18. f4 N7b6 19. a5 c3 20. Nxc3 b4 21. Nxd5 Nxd5 22. Rd3 c5 23. Nf2 c4 24. Rh3
c3 $13 {Leitao,RD-Santos,CP/WchTJ-U26 Curitiba (POR-BRA)/1993/1-0 (37)}) (10.
Rd1 Nbd7 11. Bg5 (11. e5 Nd5 12. Ne4 N7b6 13. Bd2 Be7 14. Bg5 f6 15. exf6 gxf6
16. Bh6 Qc7 17. Nc5 Bxc5 18. dxc5 Nxa4 19. Rxa4 bxa4 20. Nd4 $44 {Deutsch,
L-Klinger,J/OST-chT9394 (05)/1994/0.5 (42)}) 11... h6 12. Bh4 Qb6 13. h3 O-O
14. e5 Nd5 15. Nxd5 cxd5 16. g4 f5 17. g5 Kf7 18. gxh6 gxh6 19. Bg3 Rg8 20. Kh2
Be7 21. Bf4 Rg6 22. Ng1 Bg5 23. Qd2 Ke7 24. Nf3 Rag8 $17 {Eidemuller,
M-Burmakin,V/Budapest Multicoop op (5)/1992/0-1 (36)}) 10... Nd5 11. Ne4 h6 12.
Ne1 (12. Bd2 Be7 13. b3 cxb3 14. Qxb3 Nd7 15. Ne1 O-O 16. Nd3 Qb6 17. Ndc5 Bxc5
18. dxc5 Nxc5 19. Nxc5 Qxc5 20. Qg3 Kh8 21. Bd3 Qd4 $17 {Costello,
C-Summerscale,A/Dublin zt (02)/1993/0-1 (35)}) 12... Nd7 13. f4 O-O 14. Bg4 Qb6
15. Nf3 c5 16. a5 Bxa5 17. Nd6 Bb4 18. f5 cxd4 19. Nxb7 Qxb7 20. fxe6 d3 $17 {
Fabris,A-Medancic,R/Ticino op (03)/1994/0-1 (35)}) (9... h6 10. axb5 Bxc3 11.
bxc6 Bxc6 12. bxc3 Bxe4 13. Qa4+ Qd7 14. Qa3 Nc6 15. Ne5 Nxe5 16. dxe5 Nd5 17.
Bxc4 Qc6 18. Bb3 Nxc3 19. f3 $44 {Necada,M-Navratil,F/CZE-chT2 9495 (07)/1995/
0.5 (107)}) 10. e5 Nd5 11. axb5 cxb5 (11... Nxc3 $2 12. bxc3 Ba5 13. Bxc4 $16)
(11... Bxc3 $2 12. bxc6 $1 Bxc6 13. bxc3 $16) 12. Nxb5 a6 13. Nc3 Rc8 14. Nxd5
(14. Bg5 Be7 15. Bxe7 Qxe7 16. Ne4 Nb4 17. Qb1 Bxe4 18. Qxe4 O-O $13) 14...
Bxd5 (14... exd5 15. Ng5 $40) 15. Rxa6 Nb6 (15... O-O 16. Ng5 g6 17. Ne4 $40)
16. Be3 (16. Ng5 h6 17. Ne4 Bb7 {xd4}) 16... Ra8 17. Rfa1 Rxa6 18. Rxa6 Qb8 (
18... O-O 19. Ng5 g6 20. Ne4 $16) 19. Bd2 (19. Ng5 Qb7 {xg2}) 19... Bxd2 (19...
Be7 20. Ba5) 20. Qxd2 O-O {[%csl Rb2] Finally black brings his K into safety
and the weakness of b2P compensates for the missing P.} 21. Qb4 Nd7 22. Qa3 (
22. Qxb8 Rxb8 {xb2}) 22... Qb5 23. Nd2 Nb8 24. Ra4 Qb6 $1 25. Bxc4 (25. Qc3 Nc6
{xd4} (25... Bxg2 26. Rb4 Qc6 27. Rxc4 Qa8 $13) 26. Bxc4 Nxd4 $132) 25... Qxd4
26. Bd3 (26. Bxd5 Qxd2 27. Bc4 Nd7 $10) 26... Qxe5 $1 27. Bxh7+ {Not a typical
attacking sacrifice, white wins material instead.} Kxh7 28. Qxf8 Qg5 29. f3 (
29. g3 Qxd2 30. Rh4+ Kg6 31. Rg4+ Kh5 32. Qxf7+ Kxg4 33. h3+ Kg5 34. Qxg7+ Kf5
$19) 29... Qe3+ (29... Qxd2 30. Rh4+ Kg6 31. Rg4+ Kf6 32. Qxg7+ (32. Qd8+ Kf5
33. h4 Nc6 34. Rg5+ Kf4 35. Rg4+ $13) 32... Ke7 33. Qg5+ Qxg5 34. Rxg5 $14) 30.
Kf1 Qd3+ (30... Qd3+ 31. Ke1 Qe3+ 32. Kf1 (32. Kd1 Bb3+ 33. Nxb3 Qxb3+ 34. Kc1
Qxa4 35. Qxb8 Qc4+ $10)) 1/2-1/2

[Event "Villa Gesell"]
[Site "Villa Gesell"]
[Date "1996.??.??"]
[Round "5"]
[White "Hoffman, Alejandro"]
[Black "Spangenberg, Hugo"]
[Result "0-1"]
[WhiteElo "2410"]
[BlackElo "2505"]
[Annotator "Ftacnik,L"]
[PlyCount "60"]
[EventDate "1996.03.??"]
[EventType "tourn"]
[EventRounds "11"]
[EventCountry "ARG"]
[EventCategory "11"]
[SourceTitle "CBM 052"]
[Source "ChessBase"]
[SourceDate "1996.06.01"]
[SourceVersion "1"]
[SourceVersionDate "1996.06.01"]
[SourceQuality "1"]

1. d4 d5 2. c4 e6 3. Nc3 c6 4. Nf3 dxc4 5. a4 Bb4 6. e4 Nf6 7. e5 Nd5 8. Bd2 b5
9. axb5 Bxc3 10. bxc3 cxb5 11. Ng5 f5 (11... O-O $2 12. Qb1 $1 g6 13. h4 $1 b4
$6 14. h5 $1 bxc3 15. Bc1 f5 16. hxg6 Nc6 17. Bxc4 $18 Nxd4 18. Qd3 Nb4 19. Qh3
Ndc2+ 20. Ke2 Qc7 21. Qxc3 Nd5 22. Qxc2 Qxe5+ 23. Kf1 Qxa1 24. gxh7+ Kg7 25.
Bxd5 Ba6+ 26. Kg1 Rac8 27. Nxe6+ {1-0 Lputian,S-Azmaiparashvili,Z/Dortmund op/
1992/}) (11... h6 12. Ne4 O-O 13. Qh5 (13. Qg4 Kh8 (13... f5 $2 14. exf6 Nxf6
15. Nxf6+ Rxf6 (15... Qxf6 16. Qe4 $16) 16. h4 Nc6 17. Bg5 hxg5 18. hxg5 Rf5
19. Rh5 Ne7 20. Qh3 Ng6 21. g4 Rf7 22. f4 Qd6 23. O-O-O Qxf4+ 24. Kb1 Bb7 {
0-1 Muse,M-Lehmann,Kl/BL 8485 (1984) ;BL 80 1985}) 14. Be2 {/\ Bf3}) 13... f5
14. Nd6 Qd7 (14... Bd7 15. Be2 a6 16. Bf3 Nc6 17. g4 f4 18. Be4 Be8 19. Qh3 Qg5
20. Qf3 Nxe5 21. dxe5 Bc6 22. Nf5 exf5 23. Bxd5+ Bxd5 24. Qxd5+ Kh8 25. O-O-O
fxg4 26. Qe4 {0-1 Riedel,W-Lehmann,Kl/BL 8586/1986/ (37)}) 15. g4 f4 16. g5
hxg5 17. Bg2 Nc6 18. Be4 Rf5 19. Rg1 b4 20. Nxf5 exf5 21. Bxd5+ Qxd5 22. Qe8+
Kh7 23. Rxg5 Qh1+ 24. Ke2 Qe4+ 25. Kf1 Qh1+ 26. Rg1 Qd5 27. Qg6+ {1-0
Fedorowicz,J-Franke,H/BL 8889/1989/}) (11... Bb7 12. Qh5 (12. h4 Nd7 13. Qh5
Qe7 14. Ne4 O-O 15. Nd6 Bc6 16. Rh3 f6 17. Qe2 fxe5 18. dxe5 Nc5 19. Qg4 Nb3
20. Ra6 Nxd2 21. Rxc6 Nxf1 22. Kxf1 Rf4 23. Qe2 Rxh4 24. Rxh4 Qxh4 25. Qf3 Rf8
26. Rc8 Rxc8 27. Qf7+ Kh8 28. Nxc8 Qh1+ 29. Ke2 h6 {0-1 Nikolic,P-Matulovic,M/
JUG/1982/ (44)}) 12... Qe7 13. Be2 Nd7 14. O-O h6 15. Bf3 $1 g6 (15... O-O 16.
Nh3 f6 17. exf6 N5xf6 18. Qxb5 Bxf3 19. gxf3 Nd5 20. Rfe1 N7b6 21. Qc6 Rae8 22.
Re4 Rxf3 23. Rxa7 Rc8 24. Qxb6 Nxb6 25. Rxe7 {1-0 Kahn,E-Olbrich,M/Budapest
FS02 IM-B (04)/1994/ (52)}) 16. Qh3 Kf8 17. Ne4 Kg7 18. Nd6 Bc6 19. Bxd5 $1
Bxd5 20. Nxb5 $16 {Vaisman,V-Blandnet/Uzes/1988/}) (11... Qd7 $14) (11... Qe7
12. Qh5 Nd7 13. Ne4 O-O 14. Nd6 f6 15. f4 fxe5 16. fxe5 Nf4 17. Bxf4 Rxf4 18.
g3 Rf8 19. Bg2 Rb8 20. Rxa7 b4 21. cxb4 Rxb4 22. Be4 g6 23. Qh6 c3 24. Qe3 Rb3
25. Bc2 Rb6 26. Qxc3 Ba6 {0-1 Moritz,G-Brandes,S/RLNS 9091/1991/ (37)}) 12.
exf6 Nxf6 (12... Qxf6 13. Ne4 $36) 13. Be2 Bb7 14. O-O (14. Nxe6 Qe7 15. Nc5
Bxg2 16. Rg1 Bc6 $13) (14. Bh5+ $1 g6 15. Bf3 Qd7 16. Bxb7 Qxb7 17. Qe2 $14)
14... Qd7 15. Bf3 (15. Bh5+ $5 Nxh5 16. Qxh5+ g6 17. Qe2 Bd5 18. Rfe1 $14)
15... Bxf3 16. Qxf3 Qd5 17. Qg3 (17. Nxe6 $5 Qxf3 18. gxf3 Kd7 19. Rfe1 Re8 $14
) 17... O-O 18. Rfe1 Re8 19. Re5 Qd7 20. Nf3 a6 (20... Nc6 21. Rxb5 e5 22. Nxe5
Nxd4 23. Nxd7 Ne2+ 24. Kf1 Nxg3+ 25. hxg3 Nxd7 26. Rb7 $16) 21. Bg5 Nd5 22. Bh6
Re7 (22... Nxc3 $5 23. Rae1 (23. Bxg7 Qxg7 24. Rg5 Ne2+ $19)) 23. Rae1 Nc6 (
23... Nxc3 24. Rxe6 Rxe6 25. Rxe6) 24. Rxe6 Rxe6 25. Rxe6 Nxc3 26. Kf1 $2 (26.
Qxg7+ Qxg7 27. Bxg7 Kxg7 (27... Rc8 28. Bh6 b4 29. Bd2 Nd5 $17) 28. Rxc6 a5 $17
) (26. Rxc6 $2 Ne2+ $19) 26... Nxd4 $1 27. Ne5 (27. Rd6 Nf5 28. Rxd7 Nxg3+ 29.
hxg3 gxh6 $19) (27. Nxd4 Qxd4 28. Rd6 Ne4 29. Rxd4 Nxg3+ 30. hxg3 gxh6 $19)
27... Nf5 (27... Ne4 28. Qg4 Nf6 29. Rxf6 Qxg4 30. Nxg4 gxf6 $19) 28. Nxd7
Nxg3+ 29. hxg3 gxh6 30. Re7 (30. Rxh6 Rd8 31. Rd6 Kg7 $19) 30... Rd8 (30... Rd8
31. Nc5 Rd1+ $19) 0-1